[Event "20th Belgrade Trophy"]
[Site "Belgrade SRB"]
[Date "2007.11.26"]
[Round "5"]
[White "Vesovic,N"]
[Black "Bojovic,D"]
[Result "0-1"]
[WhiteElo "2106"]
[BlackElo "2228"]

1.Nf3 c5 2.c4 b6 3.g3 Bb7 4.Bg2 Nf6 5.O-O e6 6.d3 d6 7.Nc3 a6 8.e4 Qc7 9.h3 Be7
10.Bd2 Nbd7 11.Qe2 O-O 12.a3 Ne5 13.Rac1 Nc6 14.Be3 Rfe8 15.Qd1 Rac8 16.Re1 Bf8
17.Nh4 g6 18.Ne2 Bg7 19.Rb1 b5 20.cxb5 axb5 21.Qc2 Nd7 22.Rec1 Qa5 23.Qd1 Nd4
24.Nxd4 Bxd4 25.Bxd4 cxd4 26.Nf3 e5 27.h4 Qa4 28.Qxa4 Rxc1+ 29.Rxc1 bxa4
30.Rc7 Nc5 31.Ng5 Rf8 32.f4 Rc8 33.Rxc8+ Bxc8 34.Bf1 Ba6 35.fxe5 dxe5 36.Nf3 Bxd3
37.Nxe5 Bxe4 38.Bc4 Ne6 39.Nd7 Bc2 40.Kf2 Nd8 41.Ke2 Nb7 42.Kd2 Bf5 43.Ne5 Nd6
44.Bd5 Kg7 45.Nf3 Kf6 46.Nxd4 Bd7 47.Nf3 h5 48.Ke3 Kf5 49.b3 f6 50.b4 g5
51.hxg5 fxg5 52.Be4+ Nxe4  0-1

[Event "20th Belgrade Trophy"]
[Site "Belgrade SRB"]
[Date "2007.11.30"]
[Round "9"]
[White "Ivanov,Stoi"]
[Black "Govedarica,R"]
[Result "0-1"]
[WhiteElo "2231"]
[BlackElo "2388"]

1.Nf3 c5 2.g3 b6 3.Bg2 Bb7 4.O-O Nf6 5.c4 e6 6.Nc3 Be7 7.b3 O-O 8.Bb2 d6
9.e3 Nbd7 10.d4 cxd4 11.Nxd4 Bxg2 12.Kxg2 Qc7 13.Ba3 a6 14.Rc1 Rfd8 15.Qe2 Rac8
16.Rfd1 Bf8 17.Rd2 Ne5 18.Rdd1 Qb7+ 19.e4 Ned7 20.f3 g6 21.h3 Ne8 22.Bb2 h6
23.Rb1 Ng7 24.Rbc1 Rc7 25.a4 Rdc8 26.Ba3 Ne5 27.Qe3 Nd7  0-1

[Event "TCh-AUT 1st Bundesliga 2007-8"]
[Site "Baden AUT"]
[Date "2007.12.01"]
[Round "2"]
[White "Rotstein,A"]
[Black "Rausis,I"]
[Result "1/2-1/2"]
[WhiteElo "2534"]
[BlackElo "2512"]

1.Nf3 Nf6 2.c4 b6 3.g3 c5 4.Bg2 Bb7 5.O-O e6 6.Nc3 Be7 7.Re1 Ne4 8.Nxe4 Bxe4
9.d3 Bb7 10.e4 Nc6 11.d4 Nxd4 12.Nxd4 cxd4 13.Qxd4 O-O 14.Rd1 Bc6 15.Bf4 Bc5
16.Qd2 Qe7 17.Bd6 Bxd6 18.Qxd6 Qxd6 19.Rxd6 Rac8 20.f3 f6 21.Kf2 Kf7 22.Ke3 Ke7
23.Rd2 Rfd8 24.Rad1  1/2-1/2

[Event "Open"]
[Site "Ascona SUI"]
[Date "2007.12.04"]
[Round "2"]
[White "Foisor,O"]
[Black "Kritz,L"]
[Result "0-1"]
[WhiteElo "2397"]
[BlackElo "2596"]

1.Nf3 c5 2.c4 e6 3.g3 b6 4.Bg2 Bb7 5.O-O Nf6 6.b3 Be7 7.Bb2 O-O 8.Nc3 d6
9.e3 Na6 10.Qe2 Nc7 11.d4 cxd4 12.Nxd4 Bxg2 13.Kxg2 Qd7 14.Qf3 Rfc8 15.Rad1 Nce8
16.g4 h6 17.h4 Nh7 18.Rh1 Rab8 19.Qh3 Qb7+ 20.Kg1 Nf8 21.g5 h5 22.f4 g6 23.Qg2 Qd7
24.e4 a6 25.a4 Nc7 26.Rh3 Qe8 27.Rf3 e5 28.Nde2 b5 29.cxb5 axb5 30.a5 b4
31.Na4 Nd7 32.fxe5 dxe5 33.Rdf1 Ne6 34.Rxf7 Rc2 35.Qf3 Nec5 36.Nb6 Rxb6 37.axb6 Rxb2
38.Ng3 Rxb3 39.Qf2 Ne6 40.Qa2 Rxg3+ 41.Kh2 b3 42.Qa4 Rg4 43.b7 Rxh4+ 44.Kg3 Rg4+
45.Kh2 Nf4 46.R7xf4 Rxf4 47.Rd1 Rf8  0-1

[Event "Open"]
[Site "Granada ESP"]
[Date "2007.12.06"]
[Round "2"]
[White "Matamoros Franco,C"]
[Black "Gutierrez Castillo,O"]
[Result "1-0"]
[WhiteElo "2525"]
[BlackElo "2185"]

1.Nf3 Nf6 2.c4 e6 3.g3 b6 4.Bg2 Bb7 5.O-O c5 6.Nc3 Be7 7.Re1 d5 8.cxd5 exd5
9.d4 O-O 10.Bf4 Nc6 11.dxc5 Bxc5 12.Bg5 Rb8 13.Qa4 h6 14.Bf4 Bd6 15.Rad1 Bxf4
16.Qxf4 Ne7 17.Ne5 Qc8 18.Nb5 Qe6 19.Nd4 Qd6 20.Nec6  1-0

[Event "Open"]
[Site "Granada ESP"]
[Date "2007.12.09"]
[Round "8"]
[White "Strikovic,A"]
[Black "Suba,M"]
[Result "1-0"]
[WhiteElo "2551"]
[BlackElo "2502"]

1.c4 Nf6 2.Nf3 c5 3.g3 b6 4.Bg2 Bb7 5.O-O e6 6.Nc3 d6 7.Re1 Be7 8.e4 Nbd7
9.d4 cxd4 10.Nxd4 Qc7 11.Be3 Rc8 12.Rc1 Qb8 13.b3 O-O 14.f4 Nc5 15.Bf2 Qa8
16.Qe2 Rfe8 17.b4 Ncd7 18.a3 Bf8 19.Nb3 g6 20.g4 a5 21.bxa5 bxa5 22.a4 d5
23.cxd5 exd5 24.e5 Bb4 25.Bd4 Nf8 26.f5 Bxc3 27.Rxc3 Rxc3 28.Bxc3 d4 29.Nxd4 Bxg2
30.Qxg2 Qxg2+ 31.Kxg2 Nxg4 32.e6 fxe6 33.fxe6 Nf6 34.e7 N8d7 35.Nb5 Nd5 36.Bxa5 Rxe7
37.Rxe7 Nxe7 38.Bc7 Nd5 39.a5 Nc5 40.Bd6 Na6 41.Kf3 Kf7 42.Nd4 Ke8 43.Ke4 Nf6+
44.Ke5 Ng4+ 45.Ke6 g5 46.Nc6 Ne3 47.Nb8 Nxb8 48.Bxb8 Kd8 49.a6 Kc8 50.Bd6 h5
51.Kf6 Nc4 52.Bg3 h4 53.Be1 Kb8 54.h3 Ka7 55.Kxg5 Kxa6 56.Bxh4 Kb7 57.Bg3 Kc6
58.h4 Kd7 59.h5 Ke6 60.Kg6 Nb6 61.h6 Nd7 62.Bh4 Ne5+ 63.Kg7  1-0

[Event "Harmonie Open A"]
[Site "Groningen NED"]
[Date "2007.12.28"]
[Round "7"]
[White "Heemskerk,W"]
[Black "Balje,J"]
[Result "1/2-1/2"]
[WhiteElo "2233"]
[BlackElo "2222"]

1.Nf3 c5 2.c4 Nf6 3.g3 b6 4.Bg2 Bb7 5.O-O e6 6.Nc3 Be7 7.d4 cxd4 8.Qxd4 d6
9.e4 a6 10.Rd1 Nbd7 11.b3 Qc7 12.Ba3 Nc5 13.e5 dxe5 14.Qxe5 Qxe5 15.Nxe5 Bxg2
16.Kxg2 Nfd7 17.Nc6 Bf6 18.Rac1 Rc8 19.Nd4 Be7 20.Bb2  1/2-1/2

[Event "XXXIII Open"]
[Site "Sevilla ESP"]
[Date "2008.01.10"]
[Round "7"]
[White "Zhao Zong Yuan"]
[Black "Aroshidze,L"]
[Result "0-1"]
[WhiteElo "2487"]
[BlackElo "2535"]

1.Nf3 c5 2.g3 b6 3.Bg2 Bb7 4.c4 Nf6 5.O-O e6 6.Nc3 d6 7.Re1 Be7 8.e4 Nc6
9.d4 cxd4 10.Nxd4 Nxd4 11.Qxd4 Qb8 12.Be3 O-O 13.h3 Rd8 14.Qd2 Qc7 15.b3 Rac8
16.Rac1 Qb8 17.a4 h6 18.Bd4 Nd7 19.Qe2 Bf8 20.h4 a6 21.Rb1 Nc5 22.Rec1 Qa8
23.b4 Nd7 24.f4 Re8 25.Be3 Rc7 26.Qd3 Rec8 27.Nd1 a5 28.b5 f5 29.Nf2 Nc5
30.Bxc5 Rxc5 31.Qe2 Kh8 32.Rb2 d5 33.exf5 exf5 34.Nd3 Rxc4 35.Re1 Bb4 36.Nxb4 Rxb4
37.Rxb4 axb4 38.Qe6 b3 39.Qxf5 b2 40.Bf1 Rc1 41.Bd3 Rxe1+ 42.Kf2 Re4  0-1

[Event "ch-CUB"]
[Site "Santa Clara CUB"]
[Date "2008.01.13"]
[Round "6"]
[White "Hernandez Carmenates,Hold"]
[Black "Comez Ledo,R"]
[Result "1-0"]
[WhiteElo "2590"]
[BlackElo "2411"]

1.Nf3 Nf6 2.c4 c5 3.g3 b6 4.Bg2 Bb7 5.O-O e6 6.Nc3 a6 7.d4 cxd4 8.Qxd4 d6
9.b3 Nbd7 10.e4 Qc7 11.Ba3 Nc5 12.Nd2 Be7 13.Rac1 O-O 14.Bb2 Rad8 15.f4 Qb8
16.b4 Ncd7 17.a3 b5 18.cxb5 axb5 19.Nxb5 Ba6 20.Na7 e5 21.Qf2 Ng4 22.Nc6 Nxf2
23.Nxb8 Bxf1 24.Nc6 Bxg2 25.Nxe7+ Kh8 26.Kxf2 Bh3 27.Nc4 Nf6 28.Kf3 Bg4+
29.Ke3 d5 30.fxe5 Nxe4 31.Nb6 Bd7 32.a4 Rfe8 33.Nexd5 Nf6 34.Nc7 Re7 35.a5 Bc8
36.b5 g5 37.Nxc8 Rxc7 38.exf6 Rxc1 39.Bxc1 Rxc8 40.b6  1-0

[Event "6th Parsvnath Open"]
[Site "New Delhi IND"]
[Date "2008.01.18"]
[Round "8"]
[White "Suresh,KT"]
[Black "Konguvel,P"]
[Result "1/2-1/2"]
[WhiteElo "2200"]
[BlackElo "2394"]

1.Nf3 c5 2.g3 b6 3.Bg2 Bb7 4.c4 Nf6 5.O-O e6 6.Nc3 Be7 7.d4 cxd4 8.Qxd4 d6
9.b3 O-O 10.Bb2 a6 11.Rfd1 Nbd7 12.Rac1 Rc8 13.h3 Qc7 14.g4 Rfd8 15.g5 Ne8
16.h4 Qb8 17.Qg4 b5 18.cxb5 axb5 19.h5 Rc5 20.Ne4 Bxe4 21.Qxe4 Bxg5 22.Nxg5 Rxg5
23.h6 Qa8 24.Qxa8 Rxa8 25.a3 gxh6 26.Kf1 Rd8 27.b4 f6 28.f4 Rg4 29.e3 Kf7
30.Kf2 f5 31.Bf3 h5 32.Rc6 Ndf6 33.Bxf6 Kxf6 34.Rb6 Rc8 35.Rc6 Rd8 36.Rb6 Rc8
37.Rc6 Ra8 38.Rc3 d5 39.Rc6 Ke7 40.Rxe6+ Kxe6 41.Bxd5+ Ke7 42.Bxa8 Nd6  1/2-1/2

[Event "6th Parsvnath Open"]
[Site "New Delhi IND"]
[Date "2008.01.20"]
[Round "10"]
[White "Laxman,R"]
[Black "Mishra,S"]
[Result "1-0"]
[WhiteElo "2439"]
[BlackElo "2255"]

1.Nf3 Nf6 2.c4 e6 3.g3 b6 4.Bg2 Bb7 5.O-O c5 6.Nc3 Be7 7.Re1 d6 8.e4 Nc6
9.e5 dxe5 10.Nxe5 Nxe5 11.Bxb7 Rb8 12.Bg2 Nfd7 13.d3 O-O 14.Bf4 Bf6 15.Ne4 Be7
16.d4 cxd4 17.Qxd4 Nc6 18.Qd3 e5 19.Be3 Qc7 20.Nc3 Nb4 21.Qe2 Rbc8 22.a3 Nc6
23.Nd5 Qb8 24.b4 Nf6 25.Rad1 Nxd5 26.Bxd5 Bf6 27.f4 Rfe8 28.Qh5 Qc7 29.f5 Qe7
30.c5 b5 31.Bf2 Red8 32.Qf3 Nb8 33.c6 Qc7 34.Rc1 Rd6 35.Bc5 Rdd8 36.Be3 Rd6
37.Rc5 a6 38.Be4 Be7 39.Rc2 Rcd8 40.Qf2 Rd1 41.Rxd1 Rxd1+ 42.Kg2 Bd8 43.Rd2 Rxd2
44.Qxd2 Nxc6 45.Qd5 Nd4 46.Qa8 Qd6 47.g4 h6 48.h4 Kh7 49.g5 hxg5 50.hxg5 f6
51.g6+ Kg8 52.Qb7 Qc7 53.Qd5+ Kf8 54.Kh3 Qe7 55.Bb1 Ke8 56.Ba2 Bc7 57.Kg4 Bd6
58.Bb1 Bb8 59.Be4 Bc7 60.Qa8+ Qd8 61.Qxa6 Qd7 62.Bxd4 Qxd4 63.Qe6+ Kd8 64.Qg8+ Kd7
65.Qxg7+ Kc8 66.Qf8+ Kd7 67.Qf7+ Kc8 68.Qe6+ Kb8 69.Qe8+ Bd8 70.Qxb5+ Bb6
71.Qe8+ Bd8 72.Qc6 Qd1+ 73.Bf3 Qd4+ 74.Qe4 Qg1+ 75.Bg2 Qd1+ 76.Kg3 Qd7 77.Qa8+  1-0

[Event "Winter Open"]
[Site "Belgrade SRB"]
[Date "2008.01.24"]
[Round "3"]
[White "Lisicic,N"]
[Black "Martic,I"]
[Result "1-0"]
[WhiteElo "2157"]
[BlackElo "2324"]

1.c4 c5 2.Nf3 Nf6 3.g3 b6 4.Bg2 Bb7 5.O-O e6 6.Nc3 d6 7.d4 cxd4 8.Qxd4 Be7
9.Rd1 a6 10.Bg5 Nbd7 11.Rac1 h6 12.Bxf6 Nxf6 13.Nd2 Bxg2 14.Kxg2 Ra7 15.Nde4 Rd7
16.Rd2 O-O 17.Rcd1 Qc7 18.Qd3 Ng4 19.f4 Rc8 20.h3 Nf6 21.Nxf6+ Bxf6 22.Ne4 Be7
23.b3 Qc6 24.Qf3 b5 25.cxb5 axb5 26.f5 d5 27.Qg4 exf5 28.Qxf5 Qe6 29.g4 g6
30.Qxe6 fxe6 31.Ng3 Bb4 32.Rd4 Bc3 33.R4d3 b4 34.Rc1 Rdc7 35.e4 d4 36.Ne2 e5
37.Ng1 Ra8 38.Rc2 Rca7 39.Nf3 Rxa2 40.Rxa2 Rxa2+ 41.Kh1 Ra5 42.g5 Kg7 43.Kg2 hxg5
44.Nxg5 Ra2+ 45.Kf1 Bd2 46.Ne6+ Kh6 47.Rf3 Ra6 48.Nc5 Ra1+ 49.Ke2 Bc3 50.Kd3 Rd1+
51.Kc4 Re1 52.Rd3 Kg5 53.Kd5 Kh4 54.Kxe5 Re3 55.Kf4 g5+ 56.Kf5 Re1 57.e5 Rf1+
58.Ke4 Re1+ 59.Kd5 Kh5 60.e6 Kg6 61.Nd7 Re3 62.Ne5+ Kf5 63.Rxe3 dxe3 64.e7  1-0

[Event "ch-AZE"]
[Site "Baku AZE"]
[Date "2008.01.26"]
[Round "7"]
[White "Gasimov,R"]
[Black "Durarbeyli,V"]
[Result "1-0"]
[WhiteElo "2394"]
[BlackElo "2392"]

1.Nf3 Nf6 2.c4 c5 3.g3 b6 4.Bg2 Bb7 5.O-O e6 6.b3 Be7 7.Nc3 d6 8.d4 cxd4
9.Qxd4 a6 10.Ba3 O-O 11.Rad1 Ne8 12.Ne4 Bxe4 13.Qxe4 Ra7 14.Qe3 Rd7 15.Nd4 Qc7
16.g4 Nf6 17.g5 Ne8 18.g6 Bf6 19.gxf7+ Rfxf7 20.Nxe6 Qc8 21.Bd5 Rde7 22.Qh3 Kh8
23.e3 Rf8 24.Kg2 Rff7 25.Nf4 Qxh3+ 26.Kxh3 Rf8 27.Ne6 Rff7 28.Nd4 Rf8 29.Nf5 Re5
30.Nxd6 Rh5+ 31.Kg2 Nxd6 32.Bxd6 Re8 33.Bg3 g6 34.Bf3 Ra5 35.Rd6 Bg7  1-0

[Event "ch-AZE"]
[Site "Baku AZE"]
[Date "2008.01.27"]
[Round "8"]
[White "Gasimov,R"]
[Black "Ibrahimov,R"]
[Result "1/2-1/2"]
[WhiteElo "2394"]
[BlackElo "2527"]

1.Nf3 c5 2.c4 Nf6 3.g3 b6 4.Bg2 Bb7 5.O-O e6 6.Nc3 Be7 7.b3 d6 8.d4 cxd4
9.Qxd4 O-O 10.Ba3 Na6 11.Rfd1 Nc5 12.Rac1 Qb8 13.Qe3 Rc8 14.h3 Bf8 15.Bb2 a6
16.Nd4 Ra7 17.Bxb7 Rxb7 18.Qf3 Ncd7 19.Ne4 Rbc7 20.Nxf6+ Nxf6 21.Qd3 Qb7
22.Nf3 Ne4 23.Nd2 Nc5 24.Qf3 Qb8 25.Ne4 Nxe4 26.Qxe4 b5 27.cxb5 axb5 28.Qd3 Qb7  1/2-1/2

[Event "13th HIT Open A"]
[Site "Nova Gorica SLO"]
[Date "2008.01.27"]
[Round "2"]
[White "Saric,A"]
[Black "Peredy,F"]
[Result "1-0"]
[WhiteElo "2438"]
[BlackElo "2261"]

1.c4 e6 2.Nf3 b6 3.g3 Bb7 4.Bg2 c5 5.O-O Nf6 6.Nc3 Be7 7.b3 O-O 8.Bb2 d6
9.e3 Nbd7 10.Qe2 a6 11.Rfd1 Qc7 12.d4 Rfe8 13.Rac1 Rac8 14.a4 Qb8 15.d5 exd5
16.cxd5 Bf8 17.Nd2 g6 18.Nc4 Bg7 19.e4 h5 20.h3 h4 21.g4 Bh6 22.Rb1 b5 23.axb5 axb5
24.Nxb5 Ba6 25.Nba3 Re7 26.Qc2 Bf4 27.Na5 Qc7 28.Nc6 Ree8 29.Bc3 Ra8 30.Ba5 Qc8
31.b4 cxb4 32.Bxb4 Nb8 33.Rb3 Qd7 34.Rc3 Kg7 35.Rf3 g5 36.Bc3 Nxc6 37.dxc6 Qe6
38.Rxf4 gxf4 39.g5 f3 40.gxf6+ Kh8 41.Qc1 Qxe4 42.Bxf3 Rg8+ 43.Kh2 Qg6 44.Qf4 Qg5
45.Qxg5 Rxg5 46.Rxd6 Rf5 47.c7 Rg8 48.Rd4 Rg6 49.Rxh4+ Kg8 50.Bg4 Rxf2+ 51.Kg3 Rf1
52.Rh5 Bb7 53.Kh4 Rc1 54.Be5 Rc5 55.Bg3 Rc3 56.Nb5 Rb3 57.Nd6  1-0

[Event "KNSB TCh-NED 2007-8"]
[Site "Netherlands NED"]
[Date "2008.02.09"]
[Round "6"]
[White "Hoeksema,E"]
[Black "Marin,Mi"]
[Result "0-1"]
[WhiteElo "2377"]
[BlackElo "2551"]

1.Nf3 Nf6 2.c4 c5 3.g3 b6 4.Bg2 Bb7 5.O-O e6 6.Nc3 a6 7.d4 cxd4 8.Qxd4 d6
9.Rd1 Be7 10.Ng5 Bxg2 11.Kxg2 Nc6 12.Qf4 O-O 13.Nge4 Ne8 14.b3 Ra7 15.Bb2 f5
16.Nd2 Bg5 17.Qf3 Ne5 18.Qh5 Bf6 19.Qh3 g5 20.Kg1 g4 21.Qg2 h5 22.Rab1 h4
23.e3 Rh7 24.Ne2 Nf7 25.Bxf6 Qxf6 26.Nf4 Ng5 27.Kf1 Qf7 28.Qc6 Nf6 29.Qxd6 hxg3
30.hxg3 Rh2 31.Qxb6 e5 32.Nd5 Nxd5 33.cxd5 f4 34.exf4 exf4 35.Nc4 fxg3 36.Ne5 Qxf2+  0-1

[Event "2nd Int Open Congress"]
[Site "Brentwood ENG"]
[Date "2008.02.17"]
[Round "5"]
[White "Sen,S"]
[Black "Parsonage,I"]
[Result "1-0"]
[WhiteElo "2010"]
[BlackElo "2250"]

1.Nf3 Nf6 2.c4 c5 3.g3 b6 4.Bg2 Bb7 5.O-O e6 6.d4 cxd4 7.Qxd4 Nc6 8.Qd3 Be7
9.a3 O-O 10.Rd1 d5 11.cxd5 Qxd5 12.Qxd5 Nxd5 13.e4 Nf6 14.Nc3 Rfd8 15.Bg5 h6
16.Bf4 Rac8 17.e5 Ne8 18.h4 Na5 19.Rxd8 Rxd8 20.Rd1 Rxd1+ 21.Nxd1 Nc7 22.Bd2 Nc4
23.Bc1 Bxf3 24.Bxf3 Nxe5 25.Be2 Nd5 26.Ne3 Bc5 27.Nxd5 exd5 28.b3 d4 29.Kf1 d3
30.Bd1 Bd4 31.f4 Nc6 32.Bf3 Na5 33.Bd5 b5 34.Bd2 Bb6 35.Bb4 g6 36.Ke1 Kg7
37.Kd2 Kf6 38.Kxd3 Kf5 39.Be1 f6 40.Ke2 g5 41.Kf3 gxf4 42.gxf4 Bc7 43.Bd2 Kg6
44.Ke4 f5+ 45.Kf3 Kf6 46.Bb4 Kg6 47.Bd2 h5 48.Bc3 Kh6 49.Be5 Bb6 50.Ke2 Kg6
51.Bc3 Bc7 52.Ke3 Bb6+ 53.Bd4 Bc7 54.Bxa7 Bd6 55.Bb6 Nxb3 56.Bxb3 Bxa3 57.Bd8 Bc1+
58.Kf3 Bd2 59.Bg8 Bc1 60.Ke2 Bb2 61.Kd3 Bg7 62.Bd5 Bf8 63.Be6 Bd6 64.Bd7 Bf8
65.Be8+  1-0

[Event "1st Pfalz Open"]
[Site "Neustadt a.d. Weinstrasse GER"]
[Date "2008.02.18"]
[Round "4"]
[White "Greenfeld,A"]
[Black "Morawietz,D"]
[Result "1-0"]
[WhiteElo "2559"]
[BlackElo "2424"]

1.Nf3 Nf6 2.c4 e6 3.g3 b6 4.Bg2 Bb7 5.O-O c5 6.Nc3 a6 7.Re1 d6 8.e4 Be7 9.d4 cxd4
10.Nxd4 Qc7 11.Be3 O-O 12.Rc1 Nbd7 13.f4 Rfe8 14.g4 Nc5 15.Bf2 g6 16.b4 Ncd7
17.Nd5 Qb8 18.Nxe7+ Rxe7 19.Nb3 Re8 20.Bf3 e5 21.g5 Nh5 22.Bxh5 gxh5 23.f5 Kh8
24.Qxh5 Rg8 25.Kf1 Rg7 26.h4 Qc7 27.c5 bxc5 28.bxc5 d5 29.c6 Bxc6 30.exd5 Bb5+
31.Kg1 Qd6 32.Nc5 Re8 33.Ne4 Qxd5 34.Rcd1 Qxa2 35.Nd6 Nf6 36.Qf3 Reg8 37.Nxb5 axb5
38.Rxe5 h6 39.Re2 Qa4 40.Rd4 b4 41.Rd6 hxg5 42.Bd4 Qd1+ 43.Kh2 Kh7 44.Rxf6  1-0

[Event "10th TCh-Euro sen"]
[Site "Dresden GER"]
[Date "2008.02.19"]
[Round "9"]
[White "Adamski,J"]
[Black "Opl,K"]
[Result "1/2-1/2"]
[WhiteElo "2333"]
[BlackElo "2313"]

1.Nf3 Nf6 2.c4 c5 3.g3 b6 4.Bg2 Bb7 5.O-O e6 6.Nc3 Be7 7.d4 cxd4 8.Qxd4 O-O
9.Bf4 d6 10.Qd2 Qc8 11.Rfd1 Rd8 12.b3 a6 13.Rac1 Nbd7 14.Qc2 Nc5 15.b4 Nce4
16.Na4 Qc7 17.Be3 Nd7 18.a3 Rac8 19.Qb3 Ba8 20.Nd4  1/2-1/2

[Event "25th Festival Open A"]
[Site "Bled SLO"]
[Date "2008.02.24"]
[Round "2"]
[White "Tratar,M"]
[Black "Zorko,Ju"]
[Result "1/2-1/2"]
[WhiteElo "2507"]
[BlackElo "2333"]

1.Nf3 Nf6 2.c4 b6 3.g3 Bb7 4.Bg2 c5 5.O-O e6 6.Nc3 Be7 7.d4 cxd4 8.Qxd4 O-O
9.Rd1 d6 10.Bg5 Nbd7 11.Nb5 e5 12.Qe3 Qb8 13.Nh4 g6 14.Bxb7 Qxb7 15.Nxd6 Qc7
16.Ne4 Rfe8 17.b3 Nxe4 18.Bxe7 Nxf2 19.Qxf2 Rxe7 20.Ng2 f5 21.Ne3 Nf6 22.Nd5 Nxd5
23.Rxd5 Rd8 24.Rad1 Rxd5  1/2-1/2

[Event "Breizh Masters A"]
[Site "Guingamp FRA"]
[Date "2008.02.24"]
[Round "3"]
[White "Eliet,N"]
[Black "Terrieux,K"]
[Result "1-0"]
[WhiteElo "2453"]
[BlackElo "2363"]

1.Nf3 Nf6 2.c4 e6 3.g3 b6 4.Bg2 Bb7 5.O-O c5 6.Nc3 Be7 7.d4 cxd4 8.Qxd4 d6
9.b3 Nc6 10.Qd2 a6 11.Bb2 Rc8 12.Rac1 O-O 13.Rfd1 Rc7 14.e4 Rd7 15.Qe3 Ng4
16.Qe2 Re8 17.Rd2 Bf6 18.Qd1 Ne7 19.h3 Ne5 20.Nh2 Bc6 21.f4 N5g6 22.h4 Nf8
23.Ng4 Bxc3 24.Bxc3 f5 25.Nf2 Qc7 26.Qh5 Red8 27.Re1 b5 28.cxb5 axb5 29.Ba1 d5
30.exf5 Nxf5 31.Qf3 Ba8 32.Bd4 Qa5 33.Qd3 Nxd4 34.Qxd4 Qa7 35.Bh3 Qxd4 36.Rxd4 Rd6
37.Rb4 Bc6 38.Nd3 Ra8 39.Re2 Be8 40.Nc5 Kf7 41.Rd4 Rc6 42.b4 Ra3 43.Kf2 g6
44.Rd1 Kf6 45.Rde1 Bf7 46.Rc2 Rb6 47.Re3 Ra7 48.g4 Ke7 49.g5 Nd7 50.Nb3 Ra4
51.Na5 Kd6 52.a3 Nb8 53.Rec3 Be8 54.Bf1 Bd7 55.h5 Nc6 56.hxg6 hxg6 57.Bxb5 Rxa5
58.Bxc6 Ra7 59.Bxd7 Rxd7 60.Ke3 Ra7 61.Rd2 Rba6 62.Rdd3 Ra4 63.Kd2 Rf7 64.Rf3 d4
65.Rc5 Rf5 66.Rxf5 exf5 67.Rb3 Kd5 68.b5 Kc4 69.b6  1-0

[Event "XI Open"]
[Site "Malaga ESP"]
[Date "2008.02.24"]
[Round "2"]
[White "Roeder,M"]
[Black "Jaime Montalvan,L"]
[Result "1/2-1/2"]
[WhiteElo "2461"]
[BlackElo "2170"]

1.Nf3 c5 2.c4 Nf6 3.g3 b6 4.Bg2 Bb7 5.O-O e6 6.Nc3 Be7 7.b3 O-O 8.Bb2 d6
9.e3 Nbd7 10.d4 Ne4 11.Qe2 Nxc3 12.Bxc3 cxd4 13.Bxd4 Qc7 14.Qb2 Nf6 15.Rac1 Rac8
16.Rfd1 Rfd8 17.Qe2 Bc6 18.Bb2 Qb7 19.Ne1  1/2-1/2

[Event "XI Open"]
[Site "Malaga ESP"]
[Date "2008.02.29"]
[Round "8"]
[White "Paunovic,D"]
[Black "Jaime Montalvan,L"]
[Result "1-0"]
[WhiteElo "2522"]
[BlackElo "2170"]

1.c4 Nf6 2.Nf3 c5 3.g3 b6 4.Bg2 Bb7 5.O-O e6 6.Nc3 Be7 7.d4 cxd4 8.Qxd4 d6
9.Bg5 a6 10.Bxf6 Bxf6 11.Qf4 Qc7 12.Rfd1 Be7 13.Ne4 Bxe4 14.Qxe4 Ra7 15.Nd4 O-O
16.Rac1 Rc8 17.Qe3 Bf8 18.b4 e5 19.Nf5 a5 20.a3 axb4 21.axb4 g6 22.Nh6+ Bxh6
23.Qxh6 Nc6 24.Qd2 Nd4 25.Qb2 Ra4 26.e3 Nc6 27.c5 dxc5 28.bxc5 Rb4 29.Qc3 b5
30.Bxc6 Rc4 31.Qb2 Qxc6 32.Rxc4 bxc4 33.Qxe5 Qb5 34.h4 h5 35.Rd6 Re8 36.Qd4 Qb3
37.c6 c3 38.Rd8 Rxd8 39.Qxd8+ Kg7 40.c7 Qb1+ 41.Kh2 Qf5 42.Qd4+ Kg8 43.e4  1-0

[Event "TCh-BEL 2007-8"]
[Site "Belgium BEL"]
[Date "2008.03.02"]
[Round "10"]
[White "Forster,S"]
[Black "Glod,P"]
[Result "1/2-1/2"]
[WhiteElo "2102"]
[BlackElo "2174"]

1.Nf3 b6 2.g3 Bb7 3.Bg2 e6 4.O-O c5 5.c4 Nf6 6.b3 g6 7.Bb2 Bg7 8.Nc3 O-O
9.e3 d5 10.d4 dxc4 11.bxc4 Ne4 12.Qd3 Nxc3 13.Qxc3 Nd7 14.Qb3 Rb8 15.Rfd1 cxd4
16.exd4 Qc7 17.Rac1 Rfd8 18.Ba3 Ba8 19.Qe3 Re8 20.h3 Rbc8 21.Qd2 e5 22.d5 Nc5
23.h4 h6 24.Bh3 Rcd8 25.h5 Qd6 26.hxg6 Qxg6 27.Nh4 Qg5 28.Bf5 Bf8 29.Qxg5+ hxg5
30.Nf3 f6 31.Bxc5 Bxc5 32.Nd2 Bb7 33.Ne4 Kg7 34.Nxc5 bxc5 35.Rb1 Ba6 36.d6 Rh8
37.Kg2 Kf7 38.Kf3 Rb8 39.Rb3 Bxc4 40.Ra3 a6 41.Rc3 Be6 42.Bd3 Rb6 43.Rxc5 Rxd6
44.Bg6+ Ke7 45.Rc7+ Rd7 46.Rdxd7+ Bxd7 47.Bf5 Rd8 48.Ra7 Ke8 49.Bg6+ Ke7
50.Rxa6 Be6 51.Ra7+ Rd7 52.Rxd7+ Kxd7 53.Bb1 f5 54.Ke3 Kd6 55.Kd2 Kc5 56.Kc3 f4
57.a4 Bd5 58.g4 e4 59.a5 e3 60.fxe3 fxe3 61.Bf5 Bf3 62.Kd3 e2 63.Kd2 Kb5
64.Bd3+ Kxa5 65.Bxe2 Bxg4  1/2-1/2

[Event "TCh-BEL 2007-8"]
[Site "Belgium BEL"]
[Date "2008.03.06"]
[Round "11"]
[White "Cnossen,W"]
[Black "Glod,P"]
[Result "1-0"]
[WhiteElo "2145"]
[BlackElo "2174"]

1.Nf3 b6 2.g3 Bb7 3.Bg2 c5 4.c4 Nf6 5.O-O e6 6.Nc3 d5 7.cxd5 Nxd5 8.d4 Nxc3
9.bxc3 Nd7 10.Qa4 a6 11.dxc5 b5 12.Qf4 Qb8 13.Ne5 Nxe5 14.Bxb7 Qxb7 15.Qxe5 Qc6
16.a4 Rc8 17.axb5 axb5 18.Be3 f6 19.Qh5+ g6 20.Qh4 Bg7 21.Rfd1 e5 22.Rd6 Qc7
23.Rad1 O-O 24.Rd7 Qa5 25.Bh6 Bxh6 26.Qxh6  1-0

[Event "ch-Siberia"]
[Site "Novokuznetsk RUS"]
[Date "2008.03.18"]
[Round "6"]
[White "Storchak,V"]
[Black "Pavlov,O"]
[Result "0-1"]
[WhiteElo "2187"]
[BlackElo "2281"]

1.c4 Nf6 2.Nf3 b6 3.g3 c5 4.Bg2 Bb7 5.O-O e6 6.b3 Be7 7.Bb2 O-O 8.Nc3 a6
9.Re1 d6 10.d4 cxd4 11.Qxd4 Nbd7 12.Rad1 Qc7 13.e4 Rad8 14.Ba3 Ne5 15.Nd2 Rfe8
16.Nf1 Bf8 17.Bb2 Nfd7 18.h3 Qb8 19.g4 Nc5 20.Ng3 h6 21.Re3 Ba8 22.Rde1 b5
23.cxb5 axb5 24.Qd1 b4 25.Na4 Ned7 26.Nxc5 Nxc5 27.Nh5 e5 28.h4 Be7 29.Rh3 Ne6
30.f4 exf4 31.Qd2 d5 32.exd5 Bc5+ 33.Kh1 Be3 34.Rhxe3 fxe3 35.Rxe3 Qb5 36.Rd3 Rd6
37.g5 hxg5 38.hxg5 Nc5 39.Rg3 Qe2 40.Qxe2 Rxe2 41.Bd4 Ne4 42.Bxe4 Rxe4 43.Bxg7  0-1

[Event "Doeberl Cup"]
[Site "Canberra AUS"]
[Date "2008.03.21"]
[Round "4"]
[White "Ambrus,E"]
[Black "Ikeda,J"]
[Result "1-0"]
[WhiteElo "2378"]
[BlackElo "2201"]

1.Nf3 c5 2.c4 e6 3.g3 b6 4.Bg2 Bb7 5.O-O Nf6 6.Nc3 a6 7.a3 Qc7 8.d3 Nc6 9.Rb1 Be7
10.Bf4 d6 11.b4 Nb8 12.bxc5 bxc5 13.Rxb7 Qxb7 14.Ne5 Qa7 15.Nc6 Nxc6 16.Bxc6+ Kf8
17.Bxa8 Qxa8 18.Qb3 g5 19.Bxg5 Ng4 20.Bf4 h5 21.Rb1 Kg7 22.Qb7 Qd8 23.Rb6 h4
24.h3 hxg3 25.hxg4 gxf2+ 26.Kf1 Bg5 27.Bxd6 Qf6 28.Qe4 Rh1+ 29.Qxh1 Qxc3
30.Rb1 Be3 31.Qe4  1-0

[Event "Far West Open"]
[Site "Reno USA"]
[Date "2008.03.23"]
[Round "5"]
[White "Khachiyan,M"]
[Black "Kretchetov,A"]
[Result "1-0"]
[WhiteElo "2520"]
[BlackElo "2329"]

1.Nf3 Nf6 2.g3 b6 3.Bg2 Bb7 4.O-O e6 5.c4 c5 6.Nc3 Be7 7.Re1 d6 8.e4 Qc7
9.d4 cxd4 10.Nxd4 a6 11.Be3 O-O 12.Rc1 Nbd7 13.f4 Rfe8 14.b3 Bf8 15.Bf2 g6
16.h3 Rac8 17.Nf3 Nc5 18.Qc2 Qb8 19.e5 dxe5 20.fxe5 Nfd7 21.Qe2 Bc6 22.b4 Na4
23.Nxa4 Bxa4 24.a3 Bc6 25.Rcd1 Bg7 26.Bd4 Red8 27.Bb2 a5 28.Rd6 axb4 29.axb4 Bf8
30.Red1 Bxf3 31.Bxf3 Bxd6 32.exd6 Re8 33.Kg2 Qa7 34.Ra1 Qb8 35.Qd3 e5 36.Bd5 Rcd8
37.Rf1 Rf8 38.Bc6 f6 39.Qd5+ Kg7 40.Ra1 h5 41.Ra8 Qxa8 42.Bxa8 Rxa8 43.c5 bxc5
44.bxc5 Rfb8 45.Bc3 Ra3 46.Be1 Rb2+ 47.Kf1 Ra1 48.c6 Rbb1 49.cxd7 Rxe1+ 50.Kf2  1-0

[Event "FKB ch-USA Qualifier"]
[Site "Tulsa USA"]
[Date "2008.03.28"]
[Round "2"]
[White "Boor,C"]
[Black "Akopian,R"]
[Result "1-0"]
[WhiteElo "2300"]
[BlackElo "2134"]

1.Nf3 Nf6 2.c4 c5 3.g3 b6 4.Bg2 Bb7 5.O-O e6 6.Nc3 Be7 7.d4 cxd4 8.Qxd4 O-O
9.Rd1 d6 10.b3 Nbd7 11.Bb2 a6 12.e4 Qc7 13.Rac1 Rac8 14.g4 Qb8 15.Qe3 Ne5
16.Nd4 Ng6 17.Nde2 Bc6 18.Nd4 Ba8 19.Qg3 h5 20.Ba3 h4 21.Qe3 Nh7 22.Nde2 e5
23.Qd3 Bg5 24.Rb1 Nf4 25.Nxf4 Bxf4 26.Nd5 Bg5 27.Bc1 Qb7 28.Be3 Bxe3 29.Qxe3 f6
30.f4 f5 31.Nc3 Kf7 32.Rd3 Qb8 33.Rbd1 Rh8 34.Rd5 Qc7 35.Nb5 Qe7 36.Qe1 Rc5
37.R5d3 Bc6 38.Qd2 Kf8 39.Rg3 Ke8 40.Rc1 Rxc4 41.Rd3 Rc2 42.Kh1  1-0

[Event "Mediana"]
[Site "Nis SRB"]
[Date "2008.04.13"]
[Round "1"]
[White "Martinovic,Sl"]
[Black "Solomunovic,I"]
[Result "1/2-1/2"]
[WhiteElo "2449"]
[BlackElo "2442"]

1.Nf3 Nf6 2.c4 c5 3.g3 b6 4.Bg2 Bb7 5.O-O e6 6.b3 Be7 7.Bb2 O-O 8.e3 d5 9.Qe2 dxc4
10.bxc4 Nc6 11.Rd1 Qc7 12.Nc3 a6 13.Rab1 Rab8 14.d3 Rfd8  1/2-1/2

[Event "Mediana"]
[Site "Nis SRB"]
[Date "2008.04.13"]
[Round "1"]
[White "Bogosavljevic,B"]
[Black "Genov,Peta"]
[Result "1/2-1/2"]
[WhiteElo "2492"]
[BlackElo "2474"]

1.Nf3 c5 2.c4 Nf6 3.g3 b6 4.Bg2 Bb7 5.O-O e6 6.Nc3 Be7 7.d4 cxd4 8.Qxd4 d6
9.b3 Na6 10.Bb2 Nc5 11.Rad1 a6 12.Rfe1 Qc7 13.e4 O-O 14.e5 dxe5 15.Qxe5 Rac8
16.Nd5 Bxd5 17.cxd5 Qxe5 18.Nxe5 Nxd5 19.Bxd5 exd5 20.Ng4 Ne6 21.Ne3 d4 22.Nd5 Bc5
23.b4 Rfd8 24.bxc5 Rxd5 25.cxb6 Rb8 26.Rc1 h6 27.Rc6 d3 28.Rd1 Nd8 29.Rc3 Rxb6
30.Ba3  1/2-1/2